ბათუმის შოთა რუსთაველის სახელმწიფო უნივერსიტეტის ბიბლიოთეკა

Эфиромасличные культуры (ბიბ.ჩანაწერი № 46489)

000 -LEADER
fixed length control field 00521nam a2200193Ia 4500
001 - CONTROL NUMBER
control field 13328
003 - CONTROL NUMBER IDENTIFIER
control field GE_BSU
008 - FIXED-LENGTH DATA ELEMENTS--GENERAL INFORMATION
fixed length control field 181216s||||||||xx |||||||||||||| ||und||
040 ## - CATALOGING SOURCE
Transcribing agency GE_BSU
080 ## - UNIVERSAL DECIMAL CLASSIFICATION NUMBER
Universal Decimal Classification number 633.8
245 ## - TITLE STATEMENT
Title Эфиромасличные культуры
245 ## - TITLE STATEMENT
Statement of responsibility, etc. Ред.А.М.Смолянов и А.т.Ксендза
260 ## - PUBLICATION, DISTRIBUTION, ETC.
Place of publication, distribution, etc. Москва
260 ## - PUBLICATION, DISTRIBUTION, ETC.
Name of publisher, distributor, etc. Колос
260 ## - PUBLICATION, DISTRIBUTION, ETC.
Date of publication, distribution, etc. 1976
300 ## - PHYSICAL DESCRIPTION
Extent 336стр.илл.20см.
653 ## - INDEX TERM--UNCONTROLLED
Uncontrolled term Эфиромасличные культуры
942 ## - ADDED ENTRY ELEMENTS (KOHA)
Koha item type წიგნი
ეგზემპლარები
Withdrawn status Lost status Damaged status Not for loan Date acquired Barcode Date last seen Price effective from Koha item type
        2018-12-17 20791 2018-12-17 2018-12-17 წიგნი
        2018-12-17 20792 2018-12-17 2018-12-17 წიგნი